Drogas: ensayo hacia una búsqueda de autonomía /

Es una reflexión sobre la posición autónoma que podría tener la droga en nuestra sociedad y las posibles consecuencias, es decir los efectos que podría causar el recnocimiento de la droga en la convivencia humana.WMV

Guardado en:
Bibliografiske detaljer
Hovedforfatter: Lizarzaburu, Pedro
Format: Texto
Fag:
Tags: Tilføj Tag
Ingen Tags, Vær først til at tagge denne postø!

MARC

LEADER 00000 a a2200000 04500
001 18242
003
040
100 |a Lizarzaburu, Pedro  
245 |a Drogas:   |b ensayo hacia una búsqueda de autonomía /  |c Pedro Lizarzaburu 
520 |a Es una reflexión sobre la posición autónoma que podría tener la droga en nuestra sociedad y las posibles consecuencias, es decir los efectos que podría causar el recnocimiento de la droga en la convivencia humana.WMV  
650 |a DROGAS  
650 |a ADAPTACION SOCIAL  
650 |a SOCIALIZACION  
650 |a LUCHA CONTRA LAS DROGAS  
650 |a DROGAS DE USO INDEBIDO  
773 |g número 88; páginas 69-78  
999 |c 27660  |d 27660